[Event "Napoli Trofeo Caissa 2nd"]
[Site "Napoli"]
[Date "2016.12.22"]
[Round "7"]
[White "Minopoli, Francesco"]
[Black "Nardi, Girolamo"]
[Result "1-0"]
[WhiteElo "1618"]
[BlackElo "1440"]
[PlyCount "69"]
[EventDate "2016.11.03"]
[EventType "swiss"]
[EventRounds "7"]
[EventCountry "ITA"]
[SourceTitle "EXT 2018"]
[Source "ChessBase"]
[SourceDate "2017.10.13"]
[SourceVersion "1"]
[SourceVersionDate "2017.10.13"]
[SourceQuality "1"]

1. c4 e5 2. g3 Nf6 3. Bg2 Bc5 4. Nc3 c6 5. e3 0-0 6. Nge2 d6 7. Na4 Na6 8. a3 b5 9. cxb5 Nc7 10. b4 Bb6 11. Nxb6 axb6 12. a4 Bb7 13. bxc6 Bc8 14. Nc3 d5 15. 0-0 e4 16. Bb2 Qd6 17. b5 Ng4 18. Ba3 Qh6 19. h3 Nf6 20. Bxf8 Bxh3 21. f4 Ng4 22. Bxg7 Kxg7 23. Qe2 Ne6 24. Bxh3 Qxh3 25. Qg2 Qh5 26. Qh1 Qf5 27. Qh4 d4 28. Nxe4 dxe3 29. Nd6 Qg6 30. f5 Qf6 31. Qxf6+ Kxf6 32. fxe6+ Kxe6 33. Nc4 e2 34. Rfe1 Kd5 35. Nxb6+ 1-0

[Event "Napoli Trofeo Caissa 2nd"]
[Site "Napoli"]
[Date "2016.12.15"]
[Round "6"]
[White "Nardi, Girolamo"]
[Black "De Maria, Dario"]
[Result "0-1"]
[WhiteElo "1440"]
[BlackElo "1532"]
[PlyCount "82"]
[EventDate "2016.11.03"]
[EventType "swiss"]
[EventRounds "7"]
[EventCountry "ITA"]
[SourceTitle "EXT 2018"]
[Source "ChessBase"]
[SourceDate "2017.10.13"]
[SourceVersion "1"]
[SourceVersionDate "2017.10.13"]
[SourceQuality "1"]

1. e4 c5 2. Nf3 Nc6 3. Bc4 e5 4. Nc3 Nf6 5. d3 d6 6. 0-0 Bg4 7. Bg5 Be7 8. Bxf6 Bxf6 9. h3 Bxf3 10. Qxf3 0-0 11. Nd5 Nd4 12. Qd1 b5 13. c3 bxc4 14. cxd4 cxd4 15. dxc4 a5 16. Qb3 a4 17. Qb7 Rb8 18. Qa6 Ra8 19. Qc6 h6 20. Nb6 Ra6 21. c5 dxc5 22. Rac1 Rxb6 23. Qxa4 Qc7 24. Qa5 Rc6 25. Qa3 Be7 26. Rc4 Rd8 27. Qd3 Rb8 28. b3 Rb4 29. Rcc1 Bg5 30. Ra1 Rb8 31. a3 c4 32. bxc4 Rxc4 33. a4 Rc3 34. Qe2 d3 35. Qd1 d2 36. a5 Rc1 37. Qe2 Rxf1+ 38. Qxf1 Ra8 39. a6 Qb6 40. Qd3 Qc7 41. Rb1 Qc1+ 0-1